000 00524nam a22001937a 4500
003 BD-DhJNU
005 20251008132624.0
008 251008b |||||||| |||| 00| 0 eng d
020 _a8124104158
040 _aBD-DhJNU
_bENG
_cBD-DhJNU
_dBD-DhJNU
082 _223
_a942.051
100 _aThomas, P.C
245 _aHistory of England (1485-1945) /
_cP.C. Thomas
260 _aNew Delhi :
_bHar-Anand,
_c1996.
300 _a581 p. :
_c22 cm.
504 _aincludes index
650 _aEngland History
942 _2ddc
_cBK
_n0
999 _c2202
_d2202